000 00446nam a2200169Ia 4500
008 230711s9999||||xx |||||||||||||| ||und||
041 _aENG
082 _a5
_bSP-C
100 _aNewman,William M
245 0 _aPrinciples of interactive computer graphics
250 _a1st . Ed.
260 _c1979
_aNew Delhi
_bTata McGraw Hill Education Limited
300 _a533
650 _aComputer Engineering
700 _aSproull,Robert F
942 _cBK
999 _c2387
_d2387